Quiz Flag of Commonwealth of Independent States - Statistics

General Stats
  • This quiz has been taken 22 times
  • The average score is 8 of 9
Answer Stats
Picture Answer % Correct
Armenia
100%
Kazakhstan
100%
Belarus
94%
Kyrgyzstan
94%
Moldova
94%
Russia
94%
Tajikistan
89%
Uzbekistan
89%
Azerbaijan
78%
No matching quizzes found
Score Distribution
Percent of People with Each Score
Percentile by Number Answered
Your Score History
You have not taken this quiz